Industrial intelligence (Record no. 83911)

MARC details
000 -LEADER
fixed length control field 01119cad a22002055a 4500
001 - CONTROL NUMBER
control field L155727
008 - FIXED-LENGTH DATA ELEMENTS--GENERAL INFORMATION
fixed length control field 120411s2012 xxk 000 0 eng d
035 ## - SYSTEM CONTROL NUMBER
System control number (Sirsi) u155727
041 0# - LANGUAGE CODE
Language code of text/sound track or separate title eng
110 2# - MAIN ENTRY--CORPORATE NAME
Corporate name or jurisdiction name as entry element GVA
9 (RLIN) 5945
245 00 - TITLE STATEMENT
Title Industrial intelligence
Remainder of title a summary of the highlights of 2011 and the prospects for 2012 - Spring 2012
Medium [electronic resource]
260 ## - PUBLICATION, DISTRIBUTION, ETC.
Place of publication, distribution, etc. London
Name of publisher, distributor, etc. GVA
Date of publication, distribution, etc. 2012
490 #0 - SERIES STATEMENT
Series statement GVA Industrial Intelligence
Volume/sequential designation Spring 2012
520 ## - SUMMARY, ETC.
Summary, etc. Industrial demand weakened across the country in 2011. Anticipated demand in 2012 will be at 2011 levels. Occupier activity remains retailer focused. Grade A supply continues to reduce especially for very large sheds. Design and build will be the predominant source of new supply. Headline rents and incentives have remained unchanged over the past year. Provides a national overview and covers demand and supply, rents and investment, and a regional round-up.
590 ## - LOCAL NOTE (RLIN)
Local note KA
651 #4 - SUBJECT ADDED ENTRY--GEOGRAPHIC NAME
Geographic name United Kingdom
690 ## - LOCAL SUBJECT ADDED ENTRY--TOPICAL TERM (OCLC, RLIN)
Topical term or geographic name as entry element Commercial property
9 (RLIN) 6227
856 40 - ELECTRONIC LOCATION AND ACCESS
Uniform Resource Identifier <a href="https://www.gva.co.uk/research/industrial/">https://www.gva.co.uk/research/industrial/</a>
Public note View the report at www.gva.co.uk
942 ## - ADDED ENTRY ELEMENTS (KOHA)
Suppress in OPAC 0
Holdings
Withdrawn status Lost status Source of classification or shelving scheme Damaged status Not for loan Home library Current library Shelving location Date acquired Total Checkouts Full call number Barcode Date last seen Copy number Price effective from Koha item type
    Dewey Decimal Classification     Virtual Virtual Online 11/04/2012   ONLINE PUBLICATION 155727-2001 06/08/2019 1 06/08/2019 Book